| 000 | 00896nas a2200277 4500 | ||
|---|---|---|---|
| 001 | BR2013005816 | ||
| 003 | BR-BrBNA | ||
| 005 | 20231205122706.0 | ||
| 007 | ta | ||
| 008 | 230509b bl.|||p| |||| 00| 00por d | ||
| 040 |
_aBR-BrBNA _bpor _cBiblioteca Nacional de Agricultura |
||
| 041 | _a(Pt) | ||
| 072 | _aP34 | ||
| 100 | 1 | _aVieira, V.C.S. | |
| 100 | 1 | _aMeloni, R. | |
| 100 | 1 | _aVieira Neto, J. | |
| 245 | 1 | _aAvaliação da interação micorrízica em cultivares de oliveira (Olea europea L.) | |
| 650 | _aAZEITONA | ||
| 650 | _aMICORRIZA VESICULAR ARBUSCULAR | ||
| 650 | _aRIZOSFERA | ||
| 650 | _aINOCULAÇÃO | ||
| 773 | 0 |
_tRevista Brasileira de Ciência do Solo (Brazil) _xISSN 0100-0683 _g(Nov-Dec 2011), v. 35(6) p. 1885-1892 _wBR2013005816 |
|
| 856 | 4 | 0 | _uhttp://www.scielo.br/pdf/rbcs/v35n6/a05v35n6.pdf |
| 909 |
_a202311 _bLúcia _c55 _dLúcia Elande |
||
| 942 |
_2AGRIS _n0 _cANA |
||
| 999 |
_c230008 _d230008 |
||